00321pab a2200133 454500008004000000100001400040245003900054260000900093300001300102362001000115650002500125650001700150773002000167180718b2011 xxu||||| |||| 00| 0 eng d aRai, D.K. aThe demise of an Indian university c2011 ap.38-40. a5 Sep aUniversities - India aUniversities aUniversity News